000 00837nam a22002417a 4500
999 _c905
_d905
003 AR-CdUCM
008 190225b ||||| |||| 00| 0 spa d
040 _aMUNICIPALIDAD PROVINCIAL DEL CUSCO
_cBIBLIOTECA MUNICIPAL DEL CUSCO
082 _a949.7 /
_bK18
100 _aKardelj, Edvard
_93477
245 _aTito y la Revolución Socialista Yugoslava
260 _aSerbia :
_bIzdaje ;
_c1980.
300 _a294 páginas
_c20cm
505 _aDefetismo o defensa de la independencia de los pueblos de Yugoslavia -- Partido comunista de Yugoslavia
650 _aestrategia política
_93478
650 _aestrategia militar
_93479
650 _apartido comunista
_92203
650 _aacuerdo con Subasic
_93480
650 _arevolución socialista
_92686
710 _aCAS
_93481
942 _2ddc
_cLIBROS
945 _anom
_d2019-02-25